Impoving Competence - building a safer future (Record no. 121893)
[ view plain ]
| 000 -LEADER | |
|---|---|
| fixed length control field | 01075nam a22001937a 4500 |
| 008 - FIXED-LENGTH DATA ELEMENTS--GENERAL INFORMATION | |
| fixed length control field | 240405s2019 xxk|||||o|||| 00| 0 eng d |
| 041 ## - LANGUAGE CODE | |
| Language code of text/sound track or separate title | eng |
| 110 ## - MAIN ENTRY--CORPORATE NAME | |
| Corporate author | Construction Industry Council |
| 245 ## - TITLE STATEMENT | |
| Title | Impoving Competence - building a safer future |
| Subtitle | Interim Report of the Industry Response Group Steering Group on Competence for Building a Safer Future |
| 260 ## - PUBLICATION INFORMATION | |
| Publisher | Construction Industry Council, |
| Date | August 2019 |
| 490 ## - SERIES TITLE | |
| Series statement | Raising the Bar |
| 520 ## - ABSTRACT | |
| Abstract | The Competence Steering Group invites comments on its interim report Raising the Bar, which sets out measures to improve competence in the design, construction and fire sectors. The measures are intended to tackle competency shortcomings identified in the Hackitt Review, Building a Safer Future, following the Grenfell Tower fire. |
| 650 ## - KEYWORDS | |
| Keywords | FIRE SAFETY |
| 651 ## - SUBJECT ADDED ENTRY--GEOGRAPHIC NAME | |
| Geographic name | United Kingdom |
| 690 ## - BROAD SUBJECT | |
| Broad subject | Building control |
| 9 (RLIN) | 6222 |
| 710 ## - ADDED CORPORATE NAME | |
| Added corporate author | Construction Industry Council |
| 856 ## - ONLINE RESOURCE | |
| Uniform Resource Identifier | <a href="https://www.cic.org.uk/uploads/files/old/raising-the-barinterimfinal-1.pdf">https://www.cic.org.uk/uploads/files/old/raising-the-barinterimfinal-1.pdf</a> |
| Public note | Available from the CIC |
| 942 ## - ADDED ENTRY ELEMENTS (KOHA) | |
| Suppress in OPAC | Do not suppress in OPAC |
| Lost status | Damaged status | Not for loan | Home library | Current library | Shelving location | Date acquired | Total Checkouts | Date last seen | Price effective from | Koha item type |
|---|---|---|---|---|---|---|---|---|---|---|
| Virtual | Virtual | 05/04/2024 | 05/04/2024 | 05/04/2024 | Online material |